000
00345nam a22001577a 4500
003
SGT
020
_a
9781119706458
082
_a
720.47,KIB
100
_a
KIBERT CHARLES J.
245
_a
SUSTAINABLE CONSTRUCTION
250
_a
5TH
260
_a
CANADA
_b
JOHAN WILEY
_c
2022
300
_a
634
650
_a
civil engineering
942
_2
ddc
_c
BK
999
_c
33283
_d
33283